| 000 | 00493nam a2200145Ia 4500 | ||
|---|---|---|---|
| 008 | 220214s9999 xx 000 0 und d | ||
| 022 | _a0019-4786 | ||
| 245 | 0 | _aINDIAN FARMING | |
| 260 |
_bIndian Council of Agricultural Research, New Delhi _aIndia |
||
| 310 | _aM | ||
| 500 | _aEnding Volume & Year: 38, 1988 | ||
| 500 | _aMissing Volume: 5;7;10-12;14;15(10-12);16-25;28(9-12);29(1);30(7);31(9,12);32(10-12);34(10);37(10-11);38(10-12) | ||
| 500 | _aStarting Volume & Year: 1, 1951 | ||
| 942 | _cBJ | ||
| 999 |
_c83 _d83 |
||